000 00545nam a22001937a 4500
003 NUST - PNEC
005 20170116180758.0
008 150408b xxu||||| |||| 00| 0 eng d
020 _a0930473086
040 _cLIBRARY
082 _a623.557 KOO
100 _92251
_a Koopman, Bernard Osgood,
245 _aSearch and screening
_c Koopman, Bernard Osgood,
250 _a-
260 _aUAS
_bThe Military Operations Research Society
_cC 1999
300 _a368 . :
650 _92252
_a Search and screening
_xSearch theory
942 _2ddc
_cBK
999 _c62822
_d62822